000 01520cam a22004334i 4500
003 PE-LiUPU
005 20250731173209.0
008 150625s r 000 0 d
035 _a(Sirsi) a31854
040 _aPE-LiUPU
_bspa
_cPE-LiUPU
_erda
082 0 4 _a222.1
_bC45
_221
245 1 0 _aAntiguo Testamento Interlineal Hebreo-Español.
_n11, Pentateuco ;/
_c[traducción de Ricardo Cerni].
264 1 _aBarcelona :
_bClie,
_c1990.
300 _a873 páginas ;
_c22.5 cm.
336 _atext
_2rdacontent
337 _aunmediated
_2rdamedia
338 _avolume
_2rdacarrier
505 0 _aGenesis. -Exodo. -Levitico. -Numero. -Deuteronomio.
526 _aSEG42
526 _aSEG41
526 _aSEG40
526 _aSEG39
526 _aP94
526 _aP87
526 _aP86
526 _aP85
526 _aP77
526 _aP76
526 _aP35
630 0 4 _aBiblia.
_pA.T.
_pPentateuco
_xVersión hebrea y traducción políglota.
630 0 4 _aBiblia.
_pA.T.
_sVersión hebrea
_vTraducción al español.
700 1 _aCerni, Ricardo,
_etraductor.
910 _a
942 _2ddc
_cBOOK
949 _a222.1 C45 1
_wDEWEY
_c1
_i31685
_lCCODEBUL1
_mBUL
_p00.00
_r0
_sY
_tBOOK
_u2015-06-25
_xBIBLIOTECA
_zUNKNOWN
_0COMPRA
_o.STAFF. Colección General
596 _a1
999 _a222.1 C45 1
_wDEWEY
_c39448
_i31685
_d39448
_e2019-4-22
_f2021-11-9
_g5
_lCCODEBUL1
_mBUL
_n23
_q32
_r0
_sY
_tBOOK
_u2015-6-25
_xTEOLOGIA
_zUNKNOWN
_0COMPRA
_o.STAFF. Colección General
980 _81
_gALBERTO SANCHEZ Responsable de Automatización